Statistiques concernant Drapeaux de pays n°1

Cliquez ici pour prendre le quiz!

Statistiques générales

  • Ce quiz a été pris 209 513 fois
  • Le résultat moyen est 18 sur 20

Statistiques - réponses

Réponse% Correct
France
100%
Japon
99%
Etats-Unis
99%
Canada
99%
Italie
99%
Brésil
98%
Royaume-Uni
97%
Chine
97%
Australie
95%
Suède
94%
Grèce
92%
Israël
92%
Norvège
91%
Russie
90%
Irlande
88%
Pays-Bas
88%
Mexique
86%
Afrique du Sud
86%
Jamaïque
85%
Iran
73%

Distribution des résultats

Percentile par nombre de réponses

% des personnes avec chaque résultat

Votre développement - résultats

Vous n’avez pas pris ce quiz